Normal view MARC view
  • Lago, Regina

Entry Nombre Personal

Number of records used in: 1

001 - NUMERO DE CONTROL

  • campo de control: 52995

003 - IDENTIFICADOR DE NUMERO DE CONTROL

  • campo de control: MX-MxUPN

005 - FECHA Y HORA DE LA ÜLTIMA TRANSACCIÓN

  • campo de control: 20240812101006.0

008 - DATOS DE LONGITUD FIJA

  • campo de control de longitud fija: 240812|| aca||aabn | aaa d

040 ## - FUENTE DE CATALOGACIÓN

  • Agencia original de catalogación: MX-MxUPN
  • Lenguaje de catalogación: spa
  • Agencia de transcripción: MX-MxUPN

100 1# - ENCABEZAMIENTO - NOMBRE PERSONAL

  • Nombre personal: Lago, Regina

670 ## - FUENTE EN LA QUE SE LOCALIZARON DATOS

  • Cita de la fuente: La práctica de las pruebas mentales y de instrucción, 1933:
  • Información localizada: portada (Regina Lago)

902 ## - CATALOGADOR

  • Catalogador: Víctor Ruiz/120824